<?xml version="1.0" encoding="UTF-8"?><marc:collection xmlns:marc="http://www.loc.gov/MARC21/slim">
  <marc:record>
    <marc:leader>00000nam##2200000za#4500</marc:leader>
    <marc:controlfield tag="001">9.601178</marc:controlfield>
    <marc:controlfield tag="003">CaOODSP</marc:controlfield>
    <marc:controlfield tag="005">20210624205939</marc:controlfield>
    <marc:controlfield tag="007">cr |||||||||||</marc:controlfield>
    <marc:controlfield tag="008">150406|1999||||xxc|||||o    f|0| 0 fre|d</marc:controlfield>
    <marc:datafield tag="040" ind1=" " ind2=" ">
      <marc:subfield code="a">CaOODSP</marc:subfield>
      <marc:subfield code="b">fre</marc:subfield>
    </marc:datafield>
    <marc:datafield tag="043" ind1=" " ind2=" ">
      <marc:subfield code="a">n-cn---</marc:subfield>
    </marc:datafield>
    <marc:datafield tag="086" ind1="1" ind2=" ">
      <marc:subfield code="a">C21-24/30-1999F-PDF</marc:subfield>
    </marc:datafield>
    <marc:datafield tag="110" ind1="1" ind2=" ">
      <marc:subfield code="a">Canada.</marc:subfield>
      <marc:subfield code="b">Industrie Canada. </marc:subfield>
      <marc:subfield code="b">Direction de l'analyse micro-économique.</marc:subfield>
    </marc:datafield>
    <marc:datafield tag="245" ind1="1" ind2="0">
      <marc:subfield code="a">Investissement étranger direct et croissance de la productivité : </marc:subfield>
      <marc:subfield code="h">[ressource électronique]</marc:subfield>
      <marc:subfield code="b">l'expérience du Canada comme pays d'accueil / </marc:subfield>
      <marc:subfield code="c">par Surendra Gera, Wulong Gu et Frank C. Lee. </marc:subfield>
    </marc:datafield>
    <marc:datafield tag="260" ind1=" " ind2=" ">
      <marc:subfield code="a">Ottawa - Ontario : </marc:subfield>
      <marc:subfield code="b">Industrie Canada. </marc:subfield>
      <marc:subfield code="c">Avril 1999.</marc:subfield>
    </marc:datafield>
    <marc:datafield tag="300" ind1=" " ind2=" ">
      <marc:subfield code="a">51p.</marc:subfield>
      <marc:subfield code="b">tableaux</marc:subfield>
    </marc:datafield>
    <marc:datafield tag="490" ind1="1" ind2=" ">
      <marc:subfield code="a">Série de document de travail</marc:subfield>
      <marc:subfield code="v">N° 30</marc:subfield>
    </marc:datafield>
    <marc:datafield tag="500" ind1=" " ind2=" ">
      <marc:subfield code="a">Le nº de catalogue (C21-24/31-1999) et l'ISBN (0-662-64193-0) de l'édition imprimée bilingue ont été incorrectement copiés dans cette édition électronique.</marc:subfield>
    </marc:datafield>
    <marc:datafield tag="504" ind1=" " ind2=" ">
      <marc:subfield code="a">Bibliographie.</marc:subfield>
    </marc:datafield>
    <marc:datafield tag="590" ind1=" " ind2=" ">
      <marc:subfield code="a">12-12-Supp</marc:subfield>
      <marc:subfield code="b">2012-03-28</marc:subfield>
    </marc:datafield>
    <marc:datafield tag="720" ind1="1" ind2=" ">
      <marc:subfield code="a">Gera, Surendra</marc:subfield>
    </marc:datafield>
    <marc:datafield tag="720" ind1="1" ind2=" ">
      <marc:subfield code="a">Gu, Wulong</marc:subfield>
    </marc:datafield>
    <marc:datafield tag="720" ind1="1" ind2=" ">
      <marc:subfield code="a">Lee, Frank C.</marc:subfield>
    </marc:datafield>
    <marc:datafield tag="775" ind1="0" ind2="8">
      <marc:subfield code="t">Foreign direct investment and productivity growth : </marc:subfield>
      <marc:subfield code="w">(CaOODSP)9.570526</marc:subfield>
    </marc:datafield>
    <marc:datafield tag="776" ind1="0" ind2="#">
      <marc:subfield code="t">Foreign direct investment and productivity growth : </marc:subfield>
      <marc:subfield code="w">(CaOODSP)9.531902</marc:subfield>
    </marc:datafield>
    <marc:datafield tag="776" ind1="0" ind2="#">
      <marc:subfield code="t">Investissement étranger direct et croissance de la productivité : </marc:subfield>
      <marc:subfield code="w">(CaOODSP)9.531903</marc:subfield>
    </marc:datafield>
    <marc:datafield tag="830" ind1="#" ind2="0">
      <marc:subfield code="a">Série de document de travail ;</marc:subfield>
      <marc:subfield code="v">N° 30</marc:subfield>
      <marc:subfield code="w">(CaOODSP)9.501123</marc:subfield>
    </marc:datafield>
    <marc:datafield tag="856" ind1="4" ind2="0">
      <marc:subfield code="a">http://publications.gc.ca</marc:subfield>
      <marc:subfield code="q">PDF</marc:subfield>
      <marc:subfield code="s">132 Ko</marc:subfield>
      <marc:subfield code="u">https://publications.gc.ca/collections/Collection/C21-24-31-1999F.pdf</marc:subfield>
      <marc:subfield code="y">N° 30</marc:subfield>
    </marc:datafield>
  </marc:record>
</marc:collection>
